000 00595nam a2200241Ia 4500
003 OSt
005 20221005124421.0
006 a|||||r|||| 00| 0
007 ta
008 221004b |||||||| |||| 00| 0 mar d
024 _a40495
037 _cTextual
040 _aCRL
_cCRL
_bmar
041 _2mar
_amar
082 _aU.231.3B, 155K1
100 _aMadgaonkar G.N.
_9635187
245 0 _aMumbaiche varnan
260 _c1961
300 _a367p.
_ccm.
650 _aGEOGRAPHY
942 _hU.231.3B, 155K1
_cTEXL
_2cc
999 _c1050399
_d1050399